| 000 | 00667cam a22002171 4500 | ||
|---|---|---|---|
| 001 | sa 68018988 | ||
| 003 | DLC | ||
| 005 | 20260227112716.0 | ||
| 008 | 720619s1964 xx 100 0 ind | ||
| 010 | _asa 68018988 | ||
| 035 | _a(OCoLC)336012 | ||
| 040 |
_aDLC _cOAU _dOCoLC _dDLC |
||
| 050 | 0 | 0 |
_aBX1653.A1 _bK654 1964 |
| 111 | 1 |
_aKonperensi Panitia Sosial Para Waligeredja Indonesia, _cBandung, Indonesia, _d1964. |
|
| 245 | 1 | 0 | _aBuku laporan. |
| 260 |
_a[Semarang? _c1964?] |
||
| 300 |
_a172 p. _c21 cm. |
||
| 504 | _aBibliography: p. 29-33. | ||
| 610 | 2 | 0 |
_aCatholic Church _zIndonesia _vCongresses. |
| 650 | 0 |
_aChristian sociology _xCatholic Church _vCongresses. |
|
| 999 |
_c88755 _d88755 |
||